000 00919nam a22002297a 4500
999 _c8589
_d8589
003 GBCCL
005 20241126110653.0
008 210416b ||||| |||| 00| 0 eng d
020 _a9781481300445
020 _a148130044X
040 _cgbc
082 _a179.1
_bGOT
100 _aGottlieb, Roger S
_915146
245 _aEngaging voices :
_btales of morality and meaning in an age of global warming /
_cRoger S Gottlieb
260 _aWaco, Tex. :
_bBaylor University Press,
_c©2011.
300 _avii, 240 pages
505 _aIntroduction: the stories of Samuel Prana -- Why am I alive? -- Choose -- What is to be done? -- Pass the turkey -- Whose woods are these? -- Need to know -- Face off -- Despair: in four acts -- Feeling left out? -- The end?
650 _aDialogues.
_915147
650 _a Environmental ethics.
_914144
650 _aPHILOSOPHY
_vEthics & Moral Philosophy.
_915148
942 _2ddc
_cBK